Assessment and Mitigation of SQL Injection XSS and CSRF in Web ZAP and VEGA (ME MS) (Record no. 69043)

MARC details
000 -LEADER
fixed length control field 00375nam a22001097a 4500
100 ## - MAIN ENTRY--AUTHOR NAME
Personal name Bisma Shafqat
-- 22MCSE09
-- Supervisor - Dr. Ali Raza Bhangwar
245 ## - TITLE STATEMENT
Title Assessment and Mitigation of SQL Injection XSS and CSRF in Web ZAP and VEGA (ME MS)
260 ## - PUBLICATION, DISTRIBUTION, ETC. (IMPRINT)
Place of publication Nawabshah
Name of publisher QUEST
Year of publication 2025
300 ## - PHYSICAL DESCRIPTION
Number of Pages 105p.
700 ## - ADDED ENTRY--PERSONAL NAME
Personal name Department of Computer Systems Engineering
942 ## - ADDED ENTRY ELEMENTS (KOHA)
Koha item type Thesis and Dissertation
Holdings
Withdrawn status Lost status Home library Current library Date acquired Accession Number Koha item type
    Research Section Research Section 20/04/2026 MP/97-1417 Thesis and Dissertation